Jak se dělá časopis

Proces výroby časopisu pri využití systému dTP a pre-press. Popis prípravy časopisu z hľadiska spracovania na počítači. Obrázky, fotografie, kreslenie a formát časopisu pri spracovaní na počítači.

Gespeichert in:
Bibliographische Detailangaben
1. Verfasser: Koubský, Petr
Format: Buchkapitel
Sprache:Tschechisch
Schlagworte:
Tags: Tag hinzufügen
Keine Tags, Fügen Sie das erste Tag hinzu!

MARC

LEADER 00000naa a2200000 4500
001 r023972
005 20221213083146.3
041 0 |a cze 
044 |a CZ 
245 1 0 |a Jak se dělá časopis  |c Petr Koubský 
520 |a Proces výroby časopisu pri využití systému dTP a pre-press. Popis prípravy časopisu z hľadiska spracovania na počítači. Obrázky, fotografie, kreslenie a formát časopisu pri spracovaní na počítači. 
610 2 0 |a využitie počítačov 
610 2 0 |a softvér 
610 2 0 |a grafika počítačová 
610 2 0 |a časopisy 
610 2 0 |a programy počítačové 
610 2 0 |a systémy počítačové 
610 2 0 |a počítače 
100 1 |a Koubský, Petr